00437 2200181 4500001002100000005001500021035002000036245004800056100001200104250000600116856004500122260003000167082000800197084001400205990001200219990001200231990001200243INLIS00000000000171620250505090939 a0010-05250000081 aBerjuang Melestarikan Lingkungan /cSuparno0 aSuparno a1 aRuang Baca Umum No Klas 800 ( Rak 3,4,5) aJakarta :bAdicita,c2000 a800 a800 SUP b a00.0237 a00.0238 a00.0239